02963nab a2200265 i 4500003000900000005001700009008004100026040001800067072000800085100002900093100002900122100004100151245009400192500006600286520105200352520093501404650001002339650001402349650001902363650002802382773018202410856007802592942000802670999001902678BR-BrBNA20241210153607.0241210b2011 bl.qr|pooa||| 00| 0 por | aBR-BrBNAbpor aF70 aFortuna-Perez, Ana Paula aSilva, Marcos José da  aTozzi, Ana Maria Goulart de Azevedo  aStylosanthes (Leguminosae–Papilionoideae–Dalbergiae) no estado de São Paulo, Brasil aPublicação on-line; 21 ref.; 5 illus.; Summaries (En, Pt) a Resumo Stylosanthes Sw. possui 48 espécies com distribuição pantropical. O gênero é membro do informal clado Pterocarpus – Dalbergióide. Este trabalho apresenta um estudo taxonômico do gênero Stylosanthes para o estado de São Paulo e foi realizado através de consulta de literatura especializada e exsicatas oriundas de herbários nacionais. Foram reconhecidas nove espécies: S. acuminata M.B. Ferreira & Sousa Costa, S. bracteata Vogel, S. capitata Vogel, S. humilis Kunth, S. gracilis Kunth, S. grandiflora M.B. Ferreira & Sousa Costa, S guianensis (Aubl.) Sw., S. scabra Vogel e S. viscosa Sw., diferenciadas principalmente pelo hábito, forma da inflorescência, número de artículos por lomento, aspecto do rostro nos lomentos e da semente. Descrições, ilustrações, comentários sobre afinidades entre as espécies, baseadas em morfologia e distribuição geográfica, e uma chave para o reconhecimento dos táxons são fornecidos. Palavras-chave: flora, Stylosanthes, taxonomia, diversidade.  a Abstract Stylosanthes Sw. comprises 48 species with a pantropical distribution. The genus is a member of the informal Pterocarpus – Dalbergioid clade. This work presents a taxonomic study of the genus Stylosanthes for São Paulo state, through analysis of specialized literature and material from national herbaria. Nine species were recognized: S. acuminata M.B. Ferreira & Sousa Costa, S. bracteata Vogel, S. capitata Vogel, S. humilis Kunth, S. gracilis Kunth, S. grandiflora M.B. Ferreira & Sousa Costa, S guianensis (Aubl.) Sw., S. scabra Vogeland S. viscosa Sw., differing mainly in habit, inflorescence form, number of articles per loment, aspect of the rostrum in the loments and seed aspect. Descriptions, illustrations, comments on affinities between species based on morphology, geographic distribution and a key for the recognition of the taxa are provided. Key words: flora, Stylosanthes, taxonomy, diversity.  aFLORA aTAXONOMIA aBIODIVERSIDADE aSTYLOSANTHES GUIANENSIS0 07099347204dRio de Janeiro-RJ Jardim Botanico do Rio de Janeiro 1935o2024-8121tRodriguésia (Brazil)x0370-6583; 2175-7860 on-linegv. 62(3) p. 615-628; (2011)wBR2024003849 uhttps://www.scielo.br/j/rod/a/fMXgPbpfXW83C4mZ7z99Q5B/?format=pdf&lang=pt cANA c329151d329151